000 01010nam a22002417a 4500
001 83028
003 BD-RjUL
005 20240210153946.0
008 240210s2018 bg a|||| m||| 00| 0 eng d
035 _a(BD-RjUL)83028
040 _aBD-RjUL
_beng
_cBD-RjUL
_dBD-RjUL
041 _aeng
082 _223
_a636.0855
_bBHF 2018
100 _aBhuyain, Mohammad. Abdul Baten
_911597
245 1 0 _a Formulation of different types of sinking and floating feeds and their effect on growth of monosex tilapia /
_cBy Mohammad. Abdul Baten Bhuyain ;
_6Supervisor : Md. Istiaque Hossain
260 _aRajshahi :
_bDepartment of Fisheries Faculty of Agriculture, University of Rajshahi,
_c2018
300 _axiii, 172 leaves :
_bill, ;
_c29.cm.
502 _aThesis (Ph. D.) -- Department of Fisheries Faculty of Agriculture, University of Rajshahi, 2018
504 _aReferences : Leaves 137 - 155
650 _aFeeds
_vAnimal husbandry
_911598
700 _aHossain, Md. Istiaque, Supervisor
_98752
942 _2ddc
_cTHE
999 _c83028
_d83028